Dictámenes de don Valentín Letelier fiscal del Tribunal de Cuentas 1891-1918. Recopilados por disposición del Supremo Gobierno, y de orden del Presidente del Tribunal de Cuentas don Joaquín Aguirre Luco.
Gespeichert in:
| Hauptverfasser: | , |
|---|---|
| Format: | Buch |
| Sprache: | Spanisch |
| Veröffentlicht: |
Santiago, Chile
Imprenta, Litografía y Encuadernación La Ilustración
1923
|
| Schlagworte: | |
| Online-Zugang: | Acceso texto completo |
| Tags: |
Tag hinzufügen
Keine Tags, Fügen Sie den ersten Tag hinzu!
|
MARC
| LEADER | 00000nam a2200000 a 4500 | ||
|---|---|---|---|
| 001 | UCS7889 | ||
| 003 | CL-VaPUC | ||
| 005 | 20240410164448.0 | ||
| 008 | 971024e19230000CL |||||||||||||||||spa|d | ||
| 999 | |c 262633 |d 262631 | ||
| 040 | |c Pontificia Universidad Católica de Valparaíso | ||
| 082 | 0 | 4 | |a 342.066 LAR 1923 |2 21 |
| 100 | |a Larraín Dueñas, Eduardo |e autor |e fiscal del Tribunal de Cuentas |9 392817 | ||
| 245 | 1 | 0 | |a Dictámenes de don Valentín Letelier fiscal del Tribunal de Cuentas 1891-1918. |b Recopilados por disposición del Supremo Gobierno, y de orden del Presidente del Tribunal de Cuentas don Joaquín Aguirre Luco. |
| 260 | |a Santiago, Chile |b Imprenta, Litografía y Encuadernación La Ilustración |c 1923 | ||
| 300 | |a 718 páginas | ||
| 583 | |a last modification |c 19971024 00:00:00 |k Rodrigo Vera | ||
| 600 | |a Letelier Madariaga, Valentín |d 1852-1919 |9 860619 | ||
| 650 | 0 | |a Derecho administrativo |9 254851 | |
| 650 | 0 | |a Derecho constitucional |9 222588 | |
| 650 | 0 | |a Tribunales administrativos |9 256533 | |
| 650 | 0 | |a Poder ejecutivo |9 255177 | |
| 650 | 0 | |a Responsabilidad del estado |9 258115 | |
| 700 | 0 | |a Díaz León, Alberto |e author |9 392818 | |
| 852 | |a FDOBRV | ||
| 856 | |u http://opac.pucv.cl/pucv_txt/Txt-7500/UCS7889_01.pdf |z Acceso texto completo | ||
| 942 | |c BK |2 ddc | ||
| 945 | |d 19971024 00:00:00 |a lriquelm | ||
| 952 | |0 0 |1 0 |4 0 |6 342_066000000000000_LAR_1924 |7 0 |8 X |9 283064 |a BIBDER |b BIBDER |d 2019-11-19 |i 1836730 |o 342.066 LAR 1924 |p 1836730 |r 2023-01-25 |w 2019-11-19 |y BK_X |k DER | ||
| 952 | |0 0 |1 0 |2 ddc |4 0 |5 1 |6 342_066000000000000_LAR_1923 |7 1 |8 C_LRYV |9 291341 |a FDOBRV |b BIBDER |d 2019-11-19 |i 1892940 |o 342.066 LAR 1923 |p 1892940 |r 2023-01-25 |w 2019-11-19 |y BK_X |k BRV | ||